| 000 | 01396cam a2200373 a 4500 | ||
|---|---|---|---|
| 001 | 15235171 | ||
| 003 | OSt | ||
| 005 | 20150408113918.0 | ||
| 008 | 080327s2009 maua b 001 0 eng | ||
| 010 | _a 2008925882 | ||
| 015 |
_aGBA8D6383 _2bnb |
||
| 016 | 7 |
_a014844787 _2Uk |
|
| 020 | _a9780312461881 (pbk.) | ||
| 020 | _a0312461887 (pbk.) | ||
| 035 | _a(OCoLC)ocn277068247 | ||
| 040 |
_aUKM _cUKM _dBWKUK _dBWK _dCDX _dDLC |
||
| 042 | _alccopycat | ||
| 050 | 0 | 0 |
_aPN44.5 _b.M86 2009 |
| 082 | 0 | 4 |
_a803 _222 _bMRB |
| 100 | 1 |
_aMurfin, Ross C. _94231 |
|
| 245 | 1 | 4 |
_aThe Bedford glossary of critical and literary terms / _cRoss Murfin, Supryia M. Ray. |
| 246 | 3 | 0 | _aGlossary of critical and literary terms |
| 250 | _a3rd ed. | ||
| 260 |
_aBoston : _bBedford/St. Martins, _c2009. |
||
| 300 |
_axxvii, 593 p. : _bill. ; _c24 cm. |
||
| 500 | _aPrevious ed.: 2003. | ||
| 504 | _aIncludes bibliographical references (p. 539-544) and index. | ||
| 650 | 0 |
_aCriticism _vTerminology. _94232 |
|
| 650 | 0 |
_aLiterature _vTerminology. _94233 |
|
| 700 | 1 |
_aRay, Supryia M. _94234 |
|
| 906 |
_a7 _bcbc _ccopycat _d2 _encip _f20 _gy-gencatlg |
||
| 942 |
_2ddc _cDVD |
||
| 999 |
_c14327 _d248827 |
||